[Event "ODJM A 2018"]
[Site "Willingen GER"]
[Date "2018.05.24"]
[Round "7"]
[White "Hartmann, Jakob"]
[Black "Askerov, Imamali"]
[Result "1-0"]
[Termination "normal"]
[Board "9"]
[WhiteElo "2194"]
[BlackElo "1935"]
[WhiteClock "00:06:56"]
[BlackClock "00:16:33"]
[PlyCount "65"]
[WhiteFideId "12918067"]
[BlackFideId "12974498"]
[EventCountry "GER"]
[EventRounds "9"]
[EventType "swiss"]
[EventDate "2018.05.19"]

1. e4 {[%clk 1:30:53]} 1... c5 {[%clk 1:30:40]} 2. Nf3 {[%clk 1:31:03]} 2... d6
{[%clk 1:30:46]} 3. d4 {[%clk 1:31:17]} 3... cxd4 {[%clk 1:31:07]} 4. Nxd4 {
[%clk 1:31:20]} 4... Nf6 {[%clk 1:31:30]} 5. Nc3 {[%clk 1:31:37]} 5... a6 {
[%clk 1:31:51]} 6. Bg5 {[%clk 1:31:47]} 6... Nbd7 {[%clk 1:32:01]} 7. Qe2 {
[%clk 1:28:35]} 7... h6 {[%clk 1:31:04]} 8. Bh4 {[%clk 1:27:17]} 8... g6 {
[%clk 1:31:11]} 9. O-O-O {[%clk 1:25:18]} 9... e5 {[%clk 1:29:24]} 10. Nb3 {
[%clk 1:23:31]} 10... Be7 {[%clk 1:28:45]} 11. g4 {[%clk 1:20:05]} 11... b5 {
[%clk 1:21:29]} 12. a3 {[%clk 1:11:33]} 12... Bb7 {[%clk 1:18:53]} 13. Bg2 {
[%clk 1:10:32]} 13... Qc7 {[%clk 1:12:42]} 14. Bg3 {[%clk 1:04:51]} 14... Kf8 {
[%clk 1:10:51]} 15. Kb1 {[%clk 1:03:17]} 15... Kg7 {[%clk 1:08:02]} 16. h4 {
[%clk 1:01:12]} 16... Nb6 {[%clk 1:06:32]} 17. f4 {[%clk 0:49:44]} 17... exf4 {
[%clk 1:03:26]} 18. Bxf4 {[%clk 0:48:31]} 18... Nc4 {[%clk 0:59:20]} 19. Rhf1 {
[%clk 0:46:08]} 19... Rad8 {[%clk 0:47:47]} 20. Qf3 {[%clk 0:32:40]} 20... Ne8
{[%clk 0:33:37]} 21. g5 {[%clk 0:25:21]} 21... h5 {[%clk 0:32:13]} 22. Nd5 {
[%clk 0:21:47]} 22... Bxd5 {[%clk 0:31:20]} 23. exd5 {[%clk 0:20:12]} 23... Rf8
{[%clk 0:30:51]} 24. Nd4 {[%clk 0:19:45]} 24... Kg8 {[%clk 0:26:57]} 25. Nc6 {
[%clk 0:17:14]} 25... Ra8 {[%clk 0:26:49]} 26. Rde1 {[%clk 0:15:57]} 26... Bd8
{[%clk 0:25:50]} 27. Qc3 {[%clk 0:15:05]} 27... Ng7 {[%clk 0:24:18]} 28. Bc1 {
[%clk 0:10:49]} 28... Nb6 {[%clk 0:21:29]} 29. b3 {[%clk 0:10:34]} 29... Kh7 {
[%clk 0:20:01]} 30. Bb2 {[%clk 0:10:08]} 30... Rg8 {[%clk 0:19:23]} 31. Re7 {
[%clk 0:06:46]} 31... Qxe7 {[%clk 0:16:06]} 32. Nxe7 {[%clk 0:07:01]} 32...
Bxe7 {[%clk 0:16:33]} 33. Rxf7 {[%clk 0:06:56]} 1-0

[Event "ODJM A 2018"]
[Site "Willingen GER"]
[Date "2018.05.24"]
[Round "7"]
[White "Goldbeck, Lars"]
[Black "Hinrichs, Niklas"]
[Result "0-1"]
[Termination "normal"]
[Board "10"]
[WhiteElo "2247"]
[BlackElo "1976"]
[WhiteClock "00:44:34"]
[BlackClock "00:24:33"]
[PlyCount "92"]
[WhiteFideId "16208188"]
[BlackFideId "12942499"]
[EventCountry "GER"]
[EventRounds "9"]
[EventType "swiss"]
[EventDate "2018.05.19"]

1. d4 {[%clk 1:30:58]} 1... d5 {[%clk 1:30:57]} 2. Bf4 {[%clk 1:31:25]} 2...
Nf6 {[%clk 1:31:22]} 3. e3 {[%clk 1:31:52]} 3... c5 {[%clk 1:31:46]} 4. c3 {
[%clk 1:32:18]} 4... Nc6 {[%clk 1:32:07]} 5. Nd2 {[%clk 1:32:45]} 5... e6 {
[%clk 1:32:30]} 6. Ngf3 {[%clk 1:32:56]} 6... cxd4 7. cxd4 {[%clk 1:31:02]}
7... Qb6 {[%clk 1:30:10]} 8. Qb1 {[%clk 1:27:39]} 8... h6 {[%clk 1:20:18]} 9.
Bd3 {[%clk 1:22:13]} 9... Be7 {[%clk 1:18:55]} 10. O-O {[%clk 1:21:50]} 10...
O-O {[%clk 1:19:09]} 11. Rc1 {[%clk 1:10:39]} 11... Nh5 {[%clk 0:55:52]} 12.
Be5 {[%clk 1:08:06]} 12... f6 {[%clk 0:55:19]} 13. Bg3 {[%clk 1:08:31]} 13...
Nxg3 {[%clk 0:55:45]} 14. hxg3 {[%clk 1:08:59]} 14... e5 {[%clk 0:51:26]} 15.
dxe5 {[%clk 1:01:02]} 15... fxe5 {[%clk 0:29:57]} 16. Rxc6 {[%clk 0:53:45]}
16... Qxc6 {[%clk 0:26:22]} 17. Bh7+ {[%clk 0:52:07]} 17... Kh8 {[%clk 0:26:40]
} 18. Nxe5 {[%clk 0:52:36]} 18... Qf6 {[%clk 0:26:50]} 19. Ng6+ {[%clk 0:52:39]
} 19... Kxh7 {[%clk 0:27:17]} 20. Nxf8+ {[%clk 0:53:02]} 20... Kg8 { [%clk
0:27:42]} 21. Ng6 {[%clk 0:53:26]} 21... Bb4 {[%clk 0:28:04]} 22. Nf4 { [%clk
0:48:33]} 22... Bxd2 {[%clk 0:27:05]} 23. Qd3 {[%clk 0:48:54]} 23... Bb4 {[%clk
0:26:15]} 24. Qxd5+ {[%clk 0:46:03]} 24... Kf8 {[%clk 0:16:18]} 25. e4 { [%clk
0:41:07]} 25... Be7 {[%clk 0:08:33]} 26. e5 {[%clk 0:41:22]} 26... Qc6 { [%clk
0:07:14]} 27. Qd3 {[%clk 0:39:17]} 27... Kg8 {[%clk 0:06:34]} 28. Qb3+ { [%clk
0:35:34]} 28... Kh7 {[%clk 0:06:41]} 29. Qf7 {[%clk 0:35:02]} 29... Bg5 { [%clk
0:06:02]} 30. Rd1 {[%clk 0:28:58]} 30... Bxf4 {[%clk 0:04:26]} 31. Qxf4 { [%clk
0:29:13]} 31... Be6 {[%clk 0:02:32]} 32. Rd6 {[%clk 0:29:41]} 32... Qc4 { [%clk
0:02:57]} 33. Qxc4 {[%clk 0:28:30]} 33... Bxc4 {[%clk 0:02:55]} 34. b3 { [%clk
0:28:59]} 34... Bb5 {[%clk 0:03:11]} 35. a4 {[%clk 0:26:54]} 35... Bc6 { [%clk
0:03:34]} 36. f4 {[%clk 0:25:38]} 36... Kg8 {[%clk 0:03:06]} 37. a5 { [%clk
0:23:48]} 37... a6 {[%clk 0:03:28]} 38. g4 {[%clk 0:21:55]} 38... Kf7 { [%clk
0:03:23]} 39. f5 {[%clk 0:19:53]} 39... Re8 {[%clk 0:03:06]} 40. e6+ { [%clk
0:16:59]} 40... Ke7 {[%clk 0:03:30]} 41. Rd3 {[%clk 0:14:48]} 41... Rd8 { [%clk
0:27:13]} 42. Rg3 {[%clk 0:44:47]} 42... Rd5 {[%clk 0:25:51]} 43. b4 { [%clk
0:44:10]} 43... Rd4 {[%clk 0:24:39]} 44. g5 {[%clk 0:44:22]} 44... hxg5 { [%clk
0:24:12]} 45. Rxg5 {[%clk 0:44:44]} 45... Kf6 {[%clk 0:24:27]} 46. Rh5 { [%clk
0:44:34]} 46... Rxb4 {[%clk 0:24:33]} 0-1

[Event "ODJM A 2018"]
[Site "Willingen GER"]
[Date "2018.05.24"]
[Round "7"]
[White "Küppers, Timo"]
[Black "Englert, Jon"]
[Result "1-0"]
[Termination "normal"]
[Board "11"]
[WhiteElo "2175"]
[BlackElo "2031"]
[WhiteClock "00:10:18"]
[BlackClock "00:03:43"]
[PlyCount "153"]
[WhiteFideId "16205820"]
[BlackFideId "12992275"]
[EventCountry "GER"]
[EventRounds "9"]
[EventType "swiss"]
[EventDate "2018.05.19"]

1. c4 {[%clk 1:30:56]} 1... c5 {[%clk 1:30:57]} 2. Nf3 {[%clk 1:30:40]} 2...
Nc6 {[%clk 1:30:47]} 3. d4 {[%clk 1:31:00]} 3... cxd4 {[%clk 1:29:41]} 4. Nxd4
{[%clk 1:31:04]} 4... d6 {[%clk 1:28:26]} 5. Nc3 {[%clk 1:30:31]} 5... g6 {
[%clk 1:26:11]} 6. e4 {[%clk 1:30:40]} 6... Bg7 {[%clk 1:26:31]} 7. Be3 { [%clk
1:31:00]} 7... Nf6 {[%clk 1:26:53]} 8. Be2 {[%clk 1:31:24]} 8... O-O { [%clk
1:24:59]} 9. O-O {[%clk 1:31:43]} 9... Nxd4 {[%clk 1:21:11]} 10. Bxd4 { [%clk
1:32:02]} 10... a6 {[%clk 1:11:49]} 11. f3 {[%clk 1:29:26]} 11... Bd7 { [%clk
1:07:20]} 12. Qd2 {[%clk 1:26:43]} 12... Rc8 {[%clk 1:03:53]} 13. b3 { [%clk
1:17:24]} 13... Qa5 {[%clk 0:57:58]} 14. Rfd1 {[%clk 1:15:07]} 14... Qh5 {[%clk
0:54:27]} 15. a4 {[%clk 1:03:46]} 15... Bh6 {[%clk 0:36:04]} 16. f4 { [%clk
0:57:43]} 16... Bg4 {[%clk 0:32:36]} 17. Bxf6 {[%clk 0:55:28]} 17... Bxe2
{[%clk 0:25:20]} 18. Qxe2 {[%clk 0:53:30]} 18... Qxe2 {[%clk 0:24:38]} 19. Nxe2
{[%clk 0:53:53]} 19... exf6 {[%clk 0:25:06]} 20. Rxd6 {[%clk 0:47:46]} 20...
Rfe8 {[%clk 0:17:59]} 21. Rd4 {[%clk 0:22:05]} 21... f5 {[%clk 0:15:51]} 22. e5
{[%clk 0:19:32]} 22... f6 {[%clk 0:15:52]} 23. e6 {[%clk 0:16:52]} 23... Rxe6 {
[%clk 0:15:06]} 24. Nc3 {[%clk 0:16:53]} 24... Bf8 {[%clk 0:12:18]} 25. Rd7 {
[%clk 0:16:57]} 25... Bc5+ {[%clk 0:11:32]} 26. Kf1 {[%clk 0:17:04]} 26... Re7
{[%clk 0:09:38]} 27. Nd5 {[%clk 0:15:10]} 27... Rxd7 {[%clk 0:06:52]} 28. Nxf6+
{[%clk 0:15:34]} 28... Kf7 {[%clk 0:04:55]} 29. Nxd7 {[%clk 0:15:59]} 29... Ke7
{[%clk 0:05:07]} 30. Nxc5 {[%clk 0:13:34]} 30... Rxc5 {[%clk 0:05:32]} 31. Ke2
{[%clk 0:12:26]} 31... Rc6 {[%clk 0:02:34]} 32. Kd3 {[%clk 0:08:15]} 32... Re6
{[%clk 0:01:50]} 33. b4 {[%clk 0:08:05]} 33... Kd6 {[%clk 0:01:37]} 34. g3 {
[%clk 0:07:45]} 34... Re4 {[%clk 0:01:16]} 35. Ra2 {[%clk 0:07:19]} 35... Re1 {
[%clk 0:01:07]} 36. Re2 {[%clk 0:06:44]} 36... Rd1+ {[%clk 0:00:48]} 37. Rd2 {
[%clk 0:04:41]} 37... Rc1 {[%clk 0:00:56]} 38. Rc2 {[%clk 0:02:38]} 38... Ra1 {
[%clk 0:01:04]} 39. a5 {[%clk 0:02:50]} 39... Ra3+ {[%clk 0:01:05]} 40. Kd4 {
[%clk 0:02:30]} 40... Ra1 {[%clk 0:00:46]} 41. Rd2 {[%clk 0:30:14]} 41... Re1 {
[%clk 0:25:39]} 42. b5 {[%clk 0:21:45]} 42... axb5 {[%clk 0:16:29]} 43. cxb5 {
[%clk 0:21:13]} 43... Re4+ {[%clk 0:15:23]} 44. Kc3+ {[%clk 0:19:49]} 44... Kc5
{[%clk 0:12:58]} 45. Rd7 {[%clk 0:19:43]} 45... Kxb5 {[%clk 0:12:51]} 46. Rxb7+
{[%clk 0:17:49]} 46... Kxa5 {[%clk 0:13:17]} 47. Rxh7 {[%clk 0:18:10]} 47...
Kb5 {[%clk 0:13:21]} 48. Rh6 {[%clk 0:18:17]} 48... Re6 {[%clk 0:13:44]} 49.
Kd4 {[%clk 0:18:15]} 49... Kc6 {[%clk 0:14:04]} 50. Rh7 {[%clk 0:13:09]} 50...
Re4+ {[%clk 0:08:03]} 51. Kd3 {[%clk 0:13:27]} 51... Re6 {[%clk 0:05:41]} 52.
Rg7 {[%clk 0:13:13]} 52... Kc5 {[%clk 0:03:44]} 53. Rc7+ {[%clk 0:11:34]} 53...
Kd5 {[%clk 0:02:48]} 54. Rd7+ {[%clk 0:11:55]} 54... Kc5 {[%clk 0:02:31]} 55.
Kd2 {[%clk 0:11:51]} 55... Re8 {[%clk 0:02:06]} 56. Kd1 {[%clk 0:11:27]} 56...
Kc6 {[%clk 0:01:21]} 57. Rd2 {[%clk 0:11:43]} 57... Kc5 {[%clk 0:01:23]} 58.
Re2 {[%clk 0:11:47]} 58... Rg8 {[%clk 0:01:26]} 59. Ke1 {[%clk 0:11:06]} 59...
Kd6 {[%clk 0:01:32]} 60. Kf2 {[%clk 0:11:19]} 60... Rh8 {[%clk 0:01:21]} 61.
Kg2 {[%clk 0:09:43]} 61... Kd7 {[%clk 0:01:16]} 62. h3 {[%clk 0:09:47]} 62...
Rg8 {[%clk 0:01:26]} 63. g4 {[%clk 0:09:52]} 63... g5 {[%clk 0:01:38]} 64. gxf5
{[%clk 0:08:13]} 64... gxf4+ {[%clk 0:02:01]} 65. Kf3 {[%clk 0:08:16]} 65...
Rg3+ {[%clk 0:02:26]} 66. Kxf4 {[%clk 0:08:42]} 66... Rxh3 {[%clk 0:02:53]} 67.
f6 {[%clk 0:09:00]} 67... Rh8 {[%clk 0:01:26]} 68. Kf5 {[%clk 0:09:17]} 68...
Rh1 {[%clk 0:01:18]} 69. f7 {[%clk 0:07:55]} 69... Rf1+ {[%clk 0:01:30]} 70.
Kg6 {[%clk 0:08:20]} 70... Rg1+ {[%clk 0:01:55]} 71. Kf6 {[%clk 0:08:34]} 71...
Rf1+ {[%clk 0:02:12]} 72. Kg7 {[%clk 0:08:59]} 72... Rg1+ {[%clk 0:02:38]} 73.
Kf8 {[%clk 0:09:25]} 73... Rf1 {[%clk 0:02:47]} 74. Rd2+ {[%clk 0:09:30]} 74...
Ke6 {[%clk 0:03:04]} 75. Ke8 {[%clk 0:09:26]} 75... Rxf7 {[%clk 0:03:16]} 76.
Re2+ {[%clk 0:09:51]} 76... Kf6 {[%clk 0:03:43]} 77. Rf2+ {[%clk 0:10:18]} 1-0

[Event "ODJM A 2018"]
[Site "Willingen GER"]
[Date "2018.05.24"]
[Round "7"]
[White "Stelmaszyk, Nico"]
[Black "Silber, Kevin"]
[Result "1-0"]
[Termination "normal"]
[Board "12"]
[WhiteElo "1919"]
[BlackElo "2244"]
[WhiteClock "00:28:55"]
[BlackClock "00:21:30"]
[PlyCount "65"]
[WhiteFideId "16200462"]
[BlackFideId "12930440"]
[EventCountry "GER"]
[EventRounds "9"]
[EventType "swiss"]
[EventDate "2018.05.19"]

1. e4 {[%clk 1:30:59]} 1... e5 {[%clk 1:30:55]} 2. Bc4 {[%clk 1:31:22]} 2...
Nf6 {[%clk 1:31:18]} 3. d4 {[%clk 1:31:44]} 3... Nc6 {[%clk 1:30:03]} 4. Nf3 {
[%clk 1:32:04]} 4... exd4 {[%clk 1:27:39]} 5. O-O {[%clk 1:32:27]} 5... Bc5 {
[%clk 1:24:57]} 6. e5 {[%clk 1:32:19]} 6... d5 {[%clk 1:15:44]} 7. exf6 { [%clk
1:32:43]} 7... dxc4 {[%clk 1:16:11]} 8. fxg7 {[%clk 1:33:08]} 8... Rg8 { [%clk
1:16:34]} 9. Bg5 {[%clk 1:33:34]} 9... Qd6 {[%clk 1:11:36]} 10. Nbd2 { [%clk
1:31:32]} 10... Qg6 {[%clk 1:01:20]} 11. Ne4 {[%clk 1:18:44]} 11... Be7 { [%clk
0:54:41]} 12. Bxe7 {[%clk 1:14:53]} 12... Kxe7 {[%clk 0:51:11]} 13. Nxd4 {[%clk
1:08:20]} 13... Rxg7 {[%clk 0:48:34]} 14. Nxc6+ {[%clk 1:08:40]} 14... Qxc6
{[%clk 0:48:30]} 15. Re1 {[%clk 1:07:50]} 15... Be6 {[%clk 0:45:33]} 16. Qd4
{[%clk 0:52:17]} 16... Rg6 {[%clk 0:44:36]} 17. Rad1 {[%clk 0:49:33]} 17...
Rag8 {[%clk 0:42:07]} 18. g3 {[%clk 0:46:37]} 18... b6 {[%clk 0:39:01]} 19. f4
{[%clk 0:41:33]} 19... f5 {[%clk 0:35:04]} 20. Ng5 {[%clk 0:38:42]} 20... h6 {
[%clk 0:32:41]} 21. Rxe6+ {[%clk 0:36:44]} 21... Rxe6 {[%clk 0:33:04]} 22. Nxe6
{[%clk 0:37:08]} 22... Qxe6 {[%clk 0:33:14]} 23. Kf2 {[%clk 0:36:03]} 23... c5
{[%clk 0:29:26]} 24. Qc3 {[%clk 0:34:03]} 24... Kf7 {[%clk 0:27:09]} 25. Re1 {
[%clk 0:33:48]} 25... Qd5 {[%clk 0:26:08]} 26. Re5 {[%clk 0:33:17]} 26... Qd4+
{[%clk 0:25:04]} 27. Qxd4 {[%clk 0:33:40]} 27... cxd4 {[%clk 0:25:32]} 28.
Rxf5+ {[%clk 0:34:02]} 28... Ke6 {[%clk 0:25:53]} 29. Rh5 {[%clk 0:33:34]}
29... c3 {[%clk 0:24:49]} 30. bxc3 {[%clk 0:30:53]} 30... dxc3 {[%clk 0:22:59]}
31. Ke3 {[%clk 0:28:31]} 31... Rd8 {[%clk 0:21:22]} 32. Rxh6+ {[%clk 0:28:50]}
32... Ke7 {[%clk 0:21:30]} 33. Rc6 {[%clk 0:28:55]} 1-0

[Event "ODJM A 2018"]
[Site "Willingen GER"]
[Date "2018.05.24"]
[Round "7"]
[White "Do, Nam"]
[Black "Rieper, Julian"]
[Result "0-1"]
[Termination "normal"]
[Board "13"]
[WhiteElo "1947"]
[BlackElo "2038"]
[PlyCount "178"]
[WhiteFideId "12998885"]
[BlackFideId "12936960"]
[EventCountry "GER"]
[EventRounds "9"]
[EventType "swiss"]
[EventDate "2018.05.19"]

1. e4 e5 2. Nf3 Nc6 3. Bc4 Nf6 4. d3 Bc5 5. c3 d6 6. O-O a6 7. Bb3 h6 8. Nbd2
Ba7 9. Re1 O-O 10. Nf1 Re8 11. Ng3 b5 12. Be3 Na5 13. Bc2 Bxe3 14. Rxe3 c5 15.
h3 Qc7 16. Re2 Bb7 17. d4 cxd4 18. cxd4 Nc6 19. Rc1 Qb6 20. d5 Nb4 21. Bb1 a5
22. Nh4 Rac8 23. Nhf5 Kh7 24. Qd2 Rxc1+ 25. Qxc1 Bc8 26. Kh2 Ng8 27. a3 Na6 28.
Rc2 Bd7 29. Nh5 g5 30. Nhg3 b4 31. h4 b3 32. Rc3 f6 33. Qd1 Rb8 34. Qh5 Be8 35.
Qf3 Nc5 36. Ne3 Bg6 37. Ngf5 Qd8 38. h5 Be8 39. Nc4 Nb7 40. Ng3 a4 41. Bd3 Kg7
42. Nf5+ Kh7 43. Be2 Rc8 44. Qe3 Ne7 45. Bg4 Rc7 46. Qf3 Nxf5 47. Qxf5+ Kg7 48.
g3 Na5 49. Be2 Nxc4 50. Rxc4 Rxc4 51. Bxc4 Bxh5 52. Bb5 Be8 53. Bc6 Bg6 54. Qf3
Qa5 55. Qe2 h5 56. Kh3 Qa7 57. Kg2 Qd4 58. f3 g4 59. Bd7 gxf3+ 60. Kxf3 Qg1 61.
Qd3 Qh1+ 62. Ke3 Qh2 63. Kf3 Qh1+ 64. Ke3 Qc1+ 65. Kf3 Qxb2 66. Bxa4 Qxa3 67.
Qxb3 Qxb3+ 68. Bxb3 f5 69. exf5 Bxf5 70. Ba4 Bg6 71. Bd7 Kf6 72. Ke3 Kg5 73.
Kf3 Bf5 74. Bb5 e4+ 75. Kf2 Bg6 76. Be2 Kf5 77. Ke3 Ke5 78. Bc4 Bf7 79. Be2
Kxd5 80. Kf4 Kd4 81. g4 hxg4 82. Bxg4 Bc4 83. Bd1 Kd3 84. Bg4 e3 85. Bf5+ Kd2
86. Bg4 e2 87. Bxe2 Kxe2 88. Ke4 d5+ 89. Kd4 Kd2 0-1

[Event "ODJM A 2018"]
[Site "Willingen GER"]
[Date "2018.05.24"]
[Round "7"]
[White "Matthes, Aaron"]
[Black "Parvanyan, Alfred"]
[Result "0-1"]
[Termination "normal"]
[Board "14"]
[WhiteElo "1689"]
[BlackElo "2095"]
[PlyCount "120"]
[WhiteFideId "16227310"]
[BlackFideId "13305832"]
[EventCountry "GER"]
[EventRounds "9"]
[EventType "swiss"]
[EventDate "2018.05.19"]

1. e4 d6 2. c4 c5 3. Nc3 Nc6 4. Nf3 g6 5. d4 cxd4 6. Nxd4 Bg7 7. Be3 Nf6 8. Be2
O-O 9. O-O Bd7 10. Rb1 Rc8 11. b4 Ne5 12. Qb3 Nfg4 13. Nc2 Nxe3 14. Nxe3 Nc6
15. Nc2 a5 16. a3 Kh8 17. Rfd1 b6 18. Nb5 f5 19. exf5 Bxf5 20. c5 bxc5 21. bxc5
Ne5 22. Ncd4 Rxc5 23. Nxf5 gxf5 24. Nd4 Qc8 25. Qe6 Ng6 26. Qxc8 Rfxc8 27. Nxf5
Rxf5 28. Bg4 Rcc5 29. Bxf5 Rxf5 30. Rb8+ Nf8 31. Re1 Be5 32. g4 Rf4 33. h3 Kg7
34. Rb5 Ng6 35. Re3 Bd4 36. Re2 a4 37. Rb4 Kh6 38. Kg2 Bc5 39. Rb5 Bxa3 40. Kg3
Bc5 41. Ra5 a3 42. f3 Rc4 43. h4 Rc3 44. Re6 Kg7 45. h5 Ne5 46. Rxe7+ Kh6 47.
Re6+ Kg5 48. Rxc5 Rxf3+ 49. Kg2 dxc5 50. Rxe5+ Kxg4 51. Rxc5 Rb3 52. Rc4+ Kxh5
53. Ra4 Kg5 54. Kh2 h5 55. Kg2 h4 56. Kh2 h3 57. Ra5+ Kf4 58. Ra4+ Ke5 59. Ra8
Kd4 60. Rc8 Rc3 0-1

[Event "ODJM A 2018"]
[Site "Willingen GER"]
[Date "2018.05.24"]
[Round "7"]
[White "Förster, Erik"]
[Black "Erofeev, Anastasia"]
[Result "1-0"]
[Termination "normal"]
[Board "15"]
[WhiteElo "2074"]
[BlackElo "1933"]
[PlyCount "77"]
[WhiteFideId "12918601"]
[BlackFideId "12917915"]
[EventCountry "GER"]
[EventRounds "9"]
[EventType "swiss"]
[EventDate "2018.05.19"]

1. Nf3 d5 2. g3 Nf6 3. Bg2 g6 4. O-O Bg7 5. d4 O-O 6. Be3 c6 7. Qc1 Bf5 8. h3
Re8 9. g4 Bc8 10. Rd1 Nbd7 11. c4 Nb6 12. cxd5 cxd5 13. Bf4 Nc4 14. b3 Nd6 15.
Nc3 a6 16. g5 Nh5 17. Bh2 Be6 18. Qd2 Rc8 19. Rac1 b5 20. Ne5 f6 21. Nd3 Nb7
22. gxf6 Nxf6 23. Nf4 Qd7 24. Nxe6 Qxe6 25. Qg5 Rcd8 26. e3 Qf7 27. a4 b4 28.
Na2 a5 29. Rc7 Nd6 30. Bxd6 Rxd6 31. Nc1 Rf8 32. Nd3 Nd7 33. Qg3 Qf5 34. h4 Qf6
35. Nf4 Nb6 36. Rc5 Rfd8 37. Rxa5 Qf5 38. Rc5 Nd7 39. Bxd5+ 1-0

[Event "ODJM A 2018"]
[Site "Willingen GER"]
[Date "2018.05.24"]
[Round "7"]
[White "Garbuz, Vitaliy"]
[Black "Hofmann, Lorenz"]
[Result "1-0"]
[Termination "normal"]
[Board "16"]
[WhiteElo "2032"]
[BlackElo "1909"]
[PlyCount "47"]
[WhiteFideId "12990710"]
[BlackFideId "12995509"]
[EventCountry "GER"]
[EventRounds "9"]
[EventType "swiss"]
[EventDate "2018.05.19"]

1. e4 c6 2. d4 d5 3. exd5 cxd5 4. c4 Nf6 5. Nc3 e6 6. Bg5 Be7 7. c5 O-O 8. Nf3
a5 9. a3 Nc6 10. Bb5 Bd7 11. Rc1 Ne8 12. h4 f6 13. Be3 b6 14. Na4 bxc5 15. Nxc5
Bxc5 16. Rxc5 Nb8 17. Bd3 Nd6 18. Bxh7+ Kxh7 19. Ng5+ Kg8 20. Qh5 fxg5 21. hxg5
Re8 22. g6 Kf8 23. Qh8+ Ke7 24. Bg5# 1-0

[Event "ODJM A 2018"]
[Site "Willingen GER"]
[Date "2018.05.24"]
[Round "7"]
[White "Engel, Robert"]
[Black "Kreutz, Jonas"]
[Result "1-0"]
[Termination "normal"]
[Board "17"]
[WhiteElo "2081"]
[BlackElo "1861"]
[PlyCount "77"]
[WhiteFideId "12974684"]
[BlackFideId "12970697"]
[EventCountry "GER"]
[EventRounds "9"]
[EventType "swiss"]
[EventDate "2018.05.19"]

1. e4 e6 2. d4 d5 3. Nd2 Nc6 4. Ngf3 Nf6 5. e5 Nd7 6. c4 dxc4 7. Nxc4 Nb6 8. a3
Ne7 9. Na5 Nbd5 10. Bd3 b6 11. Nc4 Bb7 12. O-O Ng6 13. Qc2 Ndf4 14. Be4 Bxe4
15. Qxe4 Qd5 16. Ncd2 Qxe4 17. Nxe4 O-O-O 18. Be3 Nd5 19. g3 h6 20. Rac1 Nge7
21. Nd6+ Rxd6 22. exd6 Nf5 23. dxc7 Bd6 24. Rc6 Bxc7 25. Rfc1 Kb7 26. g4 Nfe7
27. R6c2 f6 28. Ne1 Rc8 29. Nd3 Bd6 30. Rxc8 Nxc8 31. Bd2 Nce7 32. Re1 Nc7 33.
Bf4 Kc6 34. Bxd6 Kxd6 35. Nf4 Ned5 36. Ne2 Kc6 37. Rc1+ Kb5 38. b3 a5 39. Rc4
1-0

[Event "ODJM A 2018"]
[Site "Willingen GER"]
[Date "2018.05.24"]
[Round "7"]
[White "Reitz, Philipp"]
[Black "Schimnatkowski, Lukas"]
[Result "0-1"]
[Termination "normal"]
[Board "18"]
[WhiteElo "1975"]
[BlackElo "2051"]
[PlyCount "48"]
[WhiteFideId "12973297"]
[BlackFideId "12936723"]
[EventCountry "GER"]
[EventRounds "9"]
[EventType "swiss"]
[EventDate "2018.05.19"]

1. e4 e6 2. d3 c5 3. Nf3 Nc6 4. g3 d5 5. Nbd2 Nf6 6. Bg2 Be7 7. O-O Qc7 8. Re1
b6 9. Qe2 O-O 10. e5 Nd7 11. h4 f6 12. exf6 Nxf6 13. Bh3 Kh8 14. c3 Bd6 15. d4
cxd4 16. cxd4 Nb4 17. Rb1 Ba6 18. Qd1 Nd3 19. Rxe6 Bxg3 20. Ne5 Nxf2 21. Qf3
Nxh3+ 22. Kh1 Ne4 23. Qa3 Nhf2+ 24. Kg2 Bxe5 0-1

[Event "ODJM A 2018"]
[Site "Willingen GER"]
[Date "2018.05.24"]
[Round "7"]
[White "Wübker, Paul-Luca"]
[Black "Pölt, Christoph"]
[Result "0-1"]
[Termination "normal"]
[Board "19"]
[WhiteElo "2132"]
[BlackElo "1903"]
[PlyCount "98"]
[WhiteFideId "12939528"]
[BlackFideId "12960853"]
[EventCountry "GER"]
[EventRounds "9"]
[EventType "swiss"]
[EventDate "2018.05.19"]

1. d4 Nf6 2. c4 g6 3. Nc3 d5 4. cxd5 Nxd5 5. e4 Nxc3 6. bxc3 Bg7 7. Be3 c5 8.
Nf3 Nc6 9. Rc1 cxd4 10. cxd4 O-O 11. d5 Ne5 12. Nxe5 Bxe5 13. f4 Bg7 14. Bc4 b5
15. Be2 Bb7 16. O-O a6 17. Qb3 Qd7 18. Bc5 Rac8 19. Rfd1 Rfd8 20. h3 Kh8 21.
Qa3 e5 22. dxe6 Qxe6 23. e5 h5 24. Rxd8+ Rxd8 25. Bd6 Rc8 26. Rxc8+ Qxc8 27.
Qe3 Bd5 28. a3 Qc6 29. f5 gxf5 30. Qg5 Qc2 31. Bxh5 Qb1+ 32. Kh2 Qe4 33. Qg3
Bh6 34. Bf3 Qe3 35. Qh4 Bxf3 36. gxf3 Qf4+ 37. Qxf4 Bxf4+ 38. Kg2 f6 39. Kf2
fxe5 40. Ke2 Kg7 41. a4 bxa4 42. Kd1 Kg6 43. h4 Kh5 44. Be7 Bg3 45. Bf6 e4 46.
fxe4 fxe4 47. Kc2 Bxh4 48. Bd4 Kg4 49. Kb2 Be7 0-1

[Event "ODJM A 2018"]
[Site "Willingen GER"]
[Date "2018.05.24"]
[Round "7"]
[White "Melde, Benjamin"]
[Black "Hoffmann, Fabian"]
[Result "1-0"]
[Termination "normal"]
[Board "20"]
[WhiteElo "2069"]
[BlackElo "1893"]
[PlyCount "49"]
[WhiteFideId "12958816"]
[BlackFideId "12964891"]
[EventCountry "GER"]
[EventRounds "9"]
[EventType "swiss"]
[EventDate "2018.05.19"]

1. c4 c6 2. g3 d5 3. Nf3 Nf6 4. Bg2 Bf5 5. cxd5 cxd5 6. Qb3 Nc6 7. Qxb7 Bd7 8.
Qb3 e5 9. O-O e4 10. Ne1 Rb8 11. Qd1 h5 12. Nc3 h4 13. d3 hxg3 14. hxg3 Qc8 15.
Bg5 Ng4 16. Nxd5 Rh5 17. Bf4 Rb7 18. Bxe4 Nh2 19. Rc1 Nxf1 20. Kxf1 Be7 21. Qa4
Kf8 22. Kg1 Bd8 23. b4 Qa8 24. Rxc6 Bxc6 25. Qxc6 1-0

[Event "ODJM A 2018"]
[Site "Willingen GER"]
[Date "2018.05.24"]
[Round "7"]
[White "Zeuner, Ole"]
[Black "Teichert, Felix"]
[Result "1-0"]
[Termination "normal"]
[Board "21"]
[WhiteElo "1982"]
[BlackElo "1970"]
[PlyCount "55"]
[WhiteFideId "12943576"]
[BlackFideId "12987670"]
[EventCountry "GER"]
[EventRounds "9"]
[EventType "swiss"]
[EventDate "2018.05.19"]

1. e4 c5 2. Nf3 e6 3. d4 cxd4 4. Nxd4 a6 5. Bd3 Nc6 6. Nxc6 bxc6 7. O-O e5 8.
f4 Bc5+ 9. Kh1 d6 10. fxe5 Qh4 11. Bc4 Ra7 12. Qf3 d5 13. g3 Qxe4 14. Qxe4 dxe4
15. Nc3 Bd4 16. Nxe4 Bxe5 17. Be3 Re7 18. Bc5 Be6 19. Bxe7 Bxc4 20. Bd6 Bxb2
21. Rfe1 Bd5 22. c4 f5 23. cxd5 fxe4 24. Rab1 Bc3 25. dxc6 Bxe1 26. Rb8+ Kf7
27. c7 Ne7 28. Bxe7 1-0